Legislació, registres i circulació / Escola de Viticultura i Enologia Mercè Rossell i Domènech
Descripción Física:
119 p. ; 30 cm
Materias:
Viticultura -- Registres -- Ensenyament
MARC
| LEADER | 00000nam a2200000Ia 4500 | ||
|---|---|---|---|
| 001 | 20943 | ||
| 008 | 160829s2004 xx 000 0 cat d | ||
| 080 | |a E-1-312 | ||
| 110 | 2 | |a Escola de Viticultura i Enologia Mercè Rossell i Domènech |9 56222 | |
| 245 | |a Legislació, registres i circulació / Escola de Viticultura i Enologia Mercè Rossell i Domènech | ||
| 260 | |a Barcelona : |b Diputació de Barcelona. Area d'Educació, |c 2004 | ||
| 300 | |a 119 p. ; |c 30 cm | ||
| 650 | |a Viticultura |x Registres |x Ensenyament |9 42025 | ||
| 710 | |a Barcelona (Catalunya : Província). |b Àrea d'Educació |9 8009 | ||
| 866 | |a Curs 2004 - 2005 | ||
| 901 | |a Arxiu | ||
| 942 | |n 1 | ||
| 952 | |0 0 |1 0 |4 0 |6 E1312 |7 1 |9 50614 |a Arxiu |b Arxiu |d 2016-12-01 |l 0 |o E-1-312 |p 20943 |r 2016-12-01 00:00:00 |w 2016-12-01 |y ARXIU | ||
| 999 | |c 54456 |d 54456 | ||